000
00293nam a22001337a 4500
008
170505b xxu||||| |||| 00| 0 eng d
020
_a
0195026128
041
_a
eng
080
_2
4TH
_a
34
100
_a
15
101
_a
SHJ
245
_a
THE JUDICIAL PROCESS
_c
ABRAHAM, H.J
942
_2
udc
_c
BK
999
_c
12808
_d
12808